[Event "Hallstahammar op"]
[Site "Hallstahammar"]
[Date "2003.09.13"]
[Round "5"]
[White "Persson, Lars Goran"]
[Black "Reinson, Juri"]
[Result "0-1"]
[WhiteElo "1446"]
[BlackElo "1415"]
[PlyCount "94"]
[EventDate "2003.09.12"]
[EventType "swiss"]
[EventRounds "7"]
[EventCountry "SWE"]
[SourceTitle "CBM 096 Extra"]
[Source "ChessBase"]
[SourceDate "2003.10.22"]
[SourceVersion "2"]
[SourceVersionDate "2003.10.20"]
[SourceQuality "1"]

1. e4 e6 2. Nf3 c6 3. d4 d5 4. e5 h6 5. Bd3 Ne7 6. 0-0 Nf5 7. Bxf5 exf5 8. c3 Be6 9. h3 Be7 10. Bf4 Nd7 11. Qd3 Nb6 12. Nbd2 Bg5 13. Qe3 Bxf4 14. Qxf4 g5 15. Qe3 f4 16. Qd3 Qd7 17. Nh2 h5 18. Nhf3 Bf5 19. Qe2 g4 20. Ng5 0-0-0 21. h4 Rde8 22. g3 f6 23. Nde4 fxg5 24. Nf6 f3 25. Qe3 Qg7 26. Nxe8 Rxe8 27. Qxg5 Qxg5 28. hxg5 Re6 29. Rfe1 Kd8 30. b3 Rg6 31. Re3 Rxg5 32. e6 Ke7 33. Rae1 Be4 34. c4 Nc8 35. c5 Rg6 36. Rc1 Rxe6 37. b4 a6 38. a3 Kd7 39. Rcc3 Ne7 40. Rc1 Nf5 41. Ree1 Nxd4 42. Kh2 Ne2 43. Rcd1 Rh6 44. Rd2 h4 45. Rdxe2 fxe2 46. Rxe2 Rf6 47. gxh4 Rf3 0-1